Pasupata saiva dharma evem darsana ( v.2;part 3)/ (Record no. 33761)

000 -LEADER
fixed length control field 00431nam a22001571a 4500
020 ## - INTERNATIONAL STANDARD BOOK NUMBER
International Standard Book Number 9788185268736
082 ## - DEWEY DECIMAL CLASSIFICATION NUMBER
Classification number S 294.551 3
Item number ALO/P
100 ## - MAIN ENTRY--PERSONAL NAME
Personal name Alokmani Tripathi
9 (RLIN) 165494
245 ## - TITLE STATEMENT
Title Pasupata saiva dharma evem darsana ( v.2;part 3)/
Statement of responsibility, etc. by Alokmani Tripathi.
260 ## - PUBLICATION, DISTRIBUTION, ETC.
Place of publication, distribution, etc. Delhi:
Name of publisher, distributor, etc. Pratibha,
Date of publication, distribution, etc. 1998.
300 ## - PHYSICAL DESCRIPTION
Extent 320p.
650 ## - SUBJECT ADDED ENTRY--TOPICAL TERM
Topical term or geographic name entry element Saivism
9 (RLIN) 165495
650 ## - SUBJECT ADDED ENTRY--TOPICAL TERM
Topical term or geographic name entry element Religion
9 (RLIN) 165496
650 ## - SUBJECT ADDED ENTRY--TOPICAL TERM
Topical term or geographic name entry element Hinduism
9 (RLIN) 165497
942 ## - ADDED ENTRY ELEMENTS (KOHA)
Koha item type Book
Holdings
Withdrawn status Lost status Damaged status Not for loan Permanent Location Current Location Date acquired Cost, normal purchase price Total Checkouts Full call number Barcode Date last seen Date last checked out Cost, replacement price Price effective from Koha item type
        Sree Sankaracharya University of Sanskrit Sree Sankaracharya University of Sanskrit 08.01.2015 134.00 1 S 294.551 3 ALO/P 013452 23.09.2016 14.12.2015 0.00 08.01.2015 Book